01591nam a22001457a 4500003000900000005001700009008004100026040001300067100003600080245007200116260002100188300001200209490004300221520118100264IT-RoPau20220918181221.0140530b xxu||||| |||| 00| 0 eng d cIT-RoPau aPie Discepole del Divin Maestro aLa vita in Cristo e nella Chiesa 1966bRivista mensile Anno XV 1966 aRomabPDDMc1966 c26,5 cm aLa vita in Cristo e nella Chiesav1966 aElenco autori Gennaio 1966 Vita - B. M. - M. L. Ricci - S. E. Mons. Nicodemo - Tonello p.d. - D. B. - M. F. Marchegiani - Mons. Barra Febbraio 1966 Vita - S.S. Paolo VI - M. L. Ricci - Mons. Nicodemo - Mns. Bondioli - B. D. - M. F. Marchegiani Marzo 1966 Vita - S.S. Paolo VI - Mons. Nicodemo - Mons. Bondioli - Tonello p.d. - Barra - M. F. Marchegiani Aprile 1966 M. L. Ricci - Mons. Nicodemo - Mons. Bondioli - Tonello p.d. - Barra - M. F. Marchegiani Maggio 1966 M. L. Ricci - S.S. Paolo VI - Mons. Niceodemo - Mons. Bondioli - Tonello p.d. - Mons. Barra - M. F. Marchegiani Giugno 1966 M. L. Ricci - S.S. Paolo VI - Masi - Mons. Bondioli - Tonello p.d. - Barra Luglio - Agosto 1966 M. L. Ricci - Lauri - Masi - Mons. Bondioli - Tonello p.d. Settembre 1966 M. L. Ricci - S.S.Paolo VI - Masi - Mons. Bondioli - M. F. Marchegiani - Mons. Barra Ottobre 1966 M. L. Ricci - S.S. Paolo VI - Fabing - Mons. Bondioli - Tonello - M. F. Marchegiani Novembre 1966 Paolo VI - M. L. Ricci - M. G. - Tonello - Gonzalez - Mons. Bondioli - Timotea - M. F. Marchegiani Dicembre 1966 S.S. Paolo VI - M. L. Ricci - Gonzalez - Mons. Bondioli - Barra - Tonello - M. F. Marchegiani